000 00861cam a2200289 a 4500
001 3295691
003 OSt
005 20140310184517.0
008 830405s1983 wiua j 000 1 eng
010 _a 83008606
020 _a0590422715
040 _aDLC
_cDLC
_dDLC
042 _alcac
050 0 0 _aPZ 7
_b.Su9656 1989
100 1 _aSurat, Michele Maria.
_929487
245 1 0 _aAngel child, dragon child /
_cstory by Michele Maria Surat ; pictures by Vo-Dinh Mai.
260 _aNew York, NY :
_bScholastic Inc.,
_c1989.
300 _a35 p. :
_bcol. ill. ;
_c22 cm.
521 _aG2
526 _c420
650 1 _aVietnamese Americans
_xFiction.
_929488
650 1 _aSchools
_xFiction.
_929489
700 1 _aVo-Dinh, Mai,
_d1933-
_eill.
_929490
906 _a7
_bcbc
_corignew
_d1
_eocip
_f19
_gy-gencatlg
942 _2lcc
_cBK-SCHOLAS
999 _c34960
_d34960